000 00298nam a22001337a 4500
008 171027b xxu||||| |||| 00| 0 eng d
020 _a9780471479024
041 _aeng
080 _a336
100 _a56
101 _aFIN
245 _aAPPLIED MATH FOR DERIVATIVES
_cMARTIN,J.S
942 _2udc
_cBK
999 _c36222
_d36222